000 00492nam a2200181Ia 4500
001 21368
005 20260306172914.0
008 260306t2016||||xx |||||||||||||| ||spa||
041 _aESP
082 _a344.6
_bG16
100 _aGálvez Villegas, Tomás Aladino
_eAUT
245 0 _aLa reparación civil en el proceso penal:
_banálisis doctrinario y jurisprudencial
260 _c2016
300 _a702 páginas :
_c25 cm.
650 _aGEN
654 _aCDE
942 _cLIB
_dJUS
_fJUS
_2ddc
_n
999 _c21368
_d21368